Monster - Supernatural - Statistiken

Allgemein
  • Dieses Quiz wurde 195 mal gespielt
  • Das Durchschnittsergebnis liegt bei 8 aus 102
Antwortstatistiken
Monster Beschreibung % Korrekt
Vampir Ernähren sich von Blut
92%
Werwolf Vollmond ist deren Schwäche
89%
Formwandler Können sich in jedes erdenkliche Lebewesen verwandeln
56%
Ghul Sind eine Rasse von Monstern, die sich hauptsächlich vom Fleisch der Toten ernähren und im Anschluss die Gestalt ihrer Opfer annehmen
41%
Wendigo Waren einst Menschen
36%
Dschinn Erfüllen dir deine größten Wünsche
31%
Zombie Entstehen durch einen Zauber und sind so nicht mit Eve verwandt
25%
Alphavampir Alpha
22%
Alphawerwolf Alpha
21%
Skinwalker Sind eine Rasse von teilweise menschlichen übernatürlichen Kreaturen mit der Fähigkeit sich jederzeit in eine Art von Hund zu verwandeln
18%
Drachen Elite Monster
17%
Leviathane Sind vor Eve entstanden. Sie sind jedoch in irgendeiner Weise mit ihr verwandt
17%
Banshee Sind eine Art Geist und somit nicht mit Eve verwandt
16%
Bigfoot ______ heißt ein humanoider Kryptid der nordamerikanischen Folklore von erheblicher Größe, mit überdimensionalen Füßen und starker Fellbehaarung, der in fast allen Gebirgen der USA und Kanadas, insbesondere in den Rocky Mountains und den Appalachen, gesichtet worden sein soll
13%
Yeti Als ___ oder Schneemensch bezeichnet man ein zweibeiniges behaartes Fabelwesen des Himalaya
13%
Alphaformwandler Alpha
12%
Elfen Wurden von Oberon erschaffen und nicht von Eve
12%
Sirenen Sind übernatürliche Wesen, die verschiedene Gestalten annehmen können, um Menschen anzulocken und dazu zu zwingen, bestimmte Leute zu töten, die den Opfern sehr nahe stehen
12%
Zwerge Ist eine Sammelbezeichnung für menschengestaltige, kleinwüchsige Fabelwesen des Volksglaubens, die meist unterirdisch in Höhlen oder im Gebirge leben
11%
Phönix Elite Monster
10%
Fenrir Ist ein Wolf der nordischen Mythologie
9%
Gespenster Sind eine Art von übernatürlichen Monstern, die sich von menschlicher Gehrinflüssigkeit ernähren
9%
Golem Wird durch Zauberei erschaffen und stammt so nicht von Eve ab
9%
Zahnfee Ist ein Fabelwesen aus der modernen amerikanischen und britischen Folklore, von dem erzählt wird, dass es kleinen Kindern nachts eine Goldmünze im Austausch für einen ausgefallenen Milchzahn hinterlasse
9%
Jefferson Starships Elite Monster
8%
Wechselbälger Sind humanoide Kreaturen und besonders gute Gestaltwandler, die Kinder entführen, um deren Platz in den Familien einzunehmen
8%
Arachne Sind fast wie Spinnen
7%
Troll Ist ein unberechenbares Fabelwesen der nordischen Mythologie, das die Naturkräfte verkörpert
7%
Tulpa Entstehen durch reine Gedankenkraft
7%
Alphadschin Alpha
6%
Kitsune Ist eine Kreatur aus der japanischen Folklore
6%
Greif Ist eine Art von Monster, das bisher noch nicht in Erscheinung getreten ist. Lediglich seine Federn wurden vom Engel Gadreel erwähnt, was auf seine Existenz schließen lässt
5%
Kraken Sind Kreaturen, die im Ozean leben und deren Aussehen, dem eines gigantischen Tintenfisches gleichen
5%
Minotaurus Ein Wesen mit menschlichem Körper und Stierkopf
5%
Alphaskinwalker Alpha
4%
Amazonen Wurden durch eine Gottheit und nicht durch Eve erschaffen
4%
Chupacabra Ist eine Art von Monster, das unter anderem von Gordon Walker, sowie Sam und Dean Winchester mehrmals erwähnt wurde
4%
Fresskopf Ist eine besondere Art Monster, die vorwiegend in Kellern zu finden ist und dort auf unvorsichtige Kinder lauert
4%
Goblin Ist die englische Bezeichnung für kleine, meist bösartige und grotesk hässliche Plagegeister oder Gespenster
4%
Khan Wurm Ein Wurm, der durch die Ohren oder den Mund in den Kopf der Menschen eindringt und dort ihre Aktionen kontrolliert
4%
Schwarzer Hund Ist eine Art von übernatürlichem Monster
4%
Sleipnir Ist ein nordischer Gott und der Sohn von Loki
4%
Kappa Ist eine hilfreiche Kreatur aus Japan. Es schützt die Menschen im Austausch gegen Nahrung
3%
Loch Ness Monster Ist ein übernatürliches Monster, von dem behauptet wird, es würde noch immer im schottischen Loch Ness leben
3%
Pishtaco Ist eine parasitäre, fettsaugende Kreatur, welche in Peru beheimatet ist
3%
Zyklop Sind Gestalten der griechischen Mythologie, die in Abstammung, äußerer Gestalt, Lokalisation und Eigenschaften voneinander differieren
3%
Crocotta Ist eine Art Aasfresser, der seine Opfer zu sich ins Dunkle lockt, um dann dort deren Seelen zu verschlingen
2%
Geflügelte Affen Sind eine Art von Elfe, weswegen sie nicht mit Eve verwandt sind
2%
Gorgonen Sind uralte, verfluchte Wesen aus der griechischen Mythologie
2%
Harpyie Ist ein geflügeltes Mischwesen der griechischen Mythologie in Vogelgestalt mit Frauenkopf
2%
Narfi Ist ein nordischer Gott und der Sohn von Loki
2%
Schutzgeister Die genaue Abstammung dieser Wesen ist unbekannt, doch scheinen sie mehr mit Magie und Hexen gemeinsam zu haben, als mit Eve
2%
Shedim In der Hölle eingesperrte Wesen, deren Ursprung bislang unbekannt ist, jedoch vermutlich nicht bei Eve liegt
2%
Shojo Sind eine Art Geist und sind somit nicht mit Eve verwandt
2%
Baku Ist eine Art von Monster, das bisher noch nicht in Erscheinung getreten ist
1%
Basilisk Sie werden oft als Mischwesen mit dem Oberkörper eines Hahns, auf dem Kopf eine Krone, und dem Unterleib einer Schlange dargestellt
1%
Bisaan Sind seltene malaysische Zikadenwesen, die auch als Zikadengeister bekannt sind
1%
Boggarts Erwähnt von Marion in Kleine grüne Männchen
1%
Bösartige Banshee Zwar eine abtrünnige Art, aber wie die normalen Banshees eine Art Geist und somit nicht mit Eve verwandt
1%
Brownies Sie sind mit den deutschen Heinzelmännchen und dem Tomte in Skandinavien vergleichbar
1%
Der Teufel von Jersey Eine bekannte Legende aus dem US-Bundesstaat New Jersey
1%
Die Tollwütigen Sie wurden von der Finsternis erschaffen
1%
Flüsterer Sind von Castiel erwähnte Kreaturen. Sie besitzen Ähnlichkeiten zu Werwölfen und Vampiren, worauf Dean ihnen den Namen "Wer-pire" gab
1%
Frostriesen Sind die Frost-, Reif- oder Eisriesen der germanischen Mythologie. Ihr Stammvater ist Wafthrudnir, ein Sohn Ymirs
1%
Gigantische Schildkröte Erwähnt von Odin und Zao Shen in Sein letzter Trick
1%
Gorilla Wölfe Sind monströse Kreaturen, die im Fegefeuer zu sehen waren
1%
Kohonta Kreaturen die durch einen Fluch geschaffen werden
1%
Lamia Ist eine übernatürliche Kreatur die normalerweise nur in Griechenland aufzufinden ist
1%
Musca Hybriden aus Mensch und Fliege, deren Ursprung unbekannt ist
1%
Nachzehrer Sind Monster, die Ähnlichkeiten mit Ghuls und Vampiren aufweisen
1%
Obake Sind die traditionellen Geister, Kobolde und Monster des japanischen Volksglaubens
1%
Okami Ist ein humanoides Monster, das Jäger eher selten antreffen, da es hauptsächlich in Japan vorkommt
1%
Oni Sind Yōkai aus der japanischen Mythologie
1%
Phantomangreifer Ist Wesen, welches sich des nachts Menschen greift und mit ihnen verschwindet
1%
Qarin Ihre Abstammung ist unbekannt
1%
Rakshasa Ist ein bösartiges und mörderisches, übernatürliches Hinduwesen
1%
Seelenverzehrer Sind eine Art Geist und somit nicht mit Eve verwandt
1%
Selkies Nur in Supernatural: Caledonia
1%
Shtriga Sind eine Art Hexe
1%
Spriggans Sind im kornischen Volksglauben Fabelwesen, die man als üble Diebe, Räuber, Einbrecher und Schurken bezeichnet
1%
Sprites Erwähnt von Marion in Kleine grüne Männchen
1%
Vetala Sind eine Art Monster, die ihre Opfer mit Hilfe von Gift außer Gefecht setzen und sich dann über mehrere Tage von ihrem Blut ernähren
1%
Wurzel Klon Sie werden von Hexen geschaffen
1%
Zanna Der genaue Ursprung dieser Wesen ist unbekannt
1%
Aswang Ist ein Ghul, ein leichenfressendes Wesen, der philippinischen Mythologie
0%
Borderwalker Nur in Supernatural: Coyote's Kiss
0%
Chimära Ist ein Mischwesen der griechischen Mythologie
0%
Donnervogel Je nach Volk hat er etwa die Gestalt eines gewaltigen Raben, eines Adlers oder auch eines Truthahns
0%
Dr. Eleanor Visyak Es ist unbekannt welcher Rasse von Monstern sie angehört, da man sie nur in menschlicher Gestalt zu sehen bekam
0%
Fersenspringer Ist eine Art Monster, das Menschen anfällt, verletzt und schließlich durch seine besondere Fähigkeit, unglaublich hohe Sprünge zu vollführen, entflieht
0%
Hinoenma Nur erwähnt in Bobby Singer's Guide to Hunting
0%
Hupia Im spirituellen Glauben von Taíno wurden er Goeiza, Geistern der Lebenden, gegenübergestellt
0%
Lebendes Haus Ist ein Gebäude in einem gemeindefreien Gebiet außerhalb von Baker City, Oregon
0%
Nagual Ist ein mesoamerikanisches Monster, besser gesagt ein Kryptid
0%
Night Hag Ist der Name einer übernatürlichen Kreatur, die gemeinhin mit dem Phänomen der Schlaflähmung in Verbindung gebracht wird
0%
Pombero Ist ein mythisches humanoides Wesen von kleiner Statur in der Guaraní-Mythologie
0%
Trogs Nur in Supernatural: The Usual Sacrifices
0%
Tzitzimitl Man nannte sie in der aztekischen Mythologie eine weibliche Gottheit, die man den Sternen zuordnete
0%
Undine Ist ein Meerjungfrau-artiges Monster
0%
Werkatze Ist in Mythologie, Sage und Dichtung ein Gestaltwandler, der ähnlich wie ein Werwolf zu den Therianthropen gezählt wird
0%
Yam Nur in Supernatural The Animation
0%
Yama-otoko Nur erwähnt in Bobby Singer's Guide to Hunting
0%
Keine übereinstimmenden Quizze gefunden
Verteilung der Resultate
Anzahl Personen mit jedem Resultat
Perzentil nach korrekt beantworteten Fragen
Ihre Resultats-Entwicklung
Sie haben dieses Quiz noch nicht gespielt